Famous Parents and their Daughters - Statistics

General Stats
  • This quiz has been taken 36 times
  • The average score is 7 of 16
Answer Stats
Parent Daughter % Correct
Sir Paul McCartney (Musician) Stella McCartney Designer
86%
Richard Beckinsale (Actor) Kate Beckinsale Actress
72%
Ozzy Osbourne (Singer) Kelly Osbourne Singer
72%
Nigel Lawson (Politician) Nigella Lawson Writer and Cook
69%
Sir John Mills (Actor) Hayley Mills Actress
55%
Marty Wilde (Singer) Kim Wilde Singer
52%
Keith Allen (Actor) Lily Allen Singer
52%
Johnny Ball (TV Presenter) Zoe Ball TV/Radio Presenter
52%
Jimmy Tarbuck (Comedian) Liza Tarbuck TV/Radio Presenter
41%
Phil Collins (Musician) Lily Collins Actress and Model
38%
Janet Ellis (Blue Peter Presenter) Sophie Ellis-Bextor Singer
34%
Eve Pollard (Journalist) Claudia Winkleman TV Presenter
28%
Dennis Waterman (Actor) Hannah Waterman Actress
21%
Hughie Green (Gameshow Host) Paula Yates TV presenter
21%
Trevor Eve (Actor) Alice Eve Actress
17%
Terry Yorath (Footballer) Gaby Logan TV Presenter
7%
No matching quizzes found
Score Distribution
Percent of People with Each Score
Percentile by Number Answered
Your Score History
You have not taken this quiz